000
00283nam a22001337a 4500
008
170407b xxu||||| |||| 00| 0 eng d
020
_a
0806717432
041
_a
eng
080
_2
3RD
_a
611.018
100
_a
9
101
_a
SHM
245
_a
HISTOLOGY
_c
HAMMERSEN
942
_2
udc
_c
BK
999
_c
10081
_d
10081